000 00615nam a2200169Ia 4500
003 GCL
005 20240530104244.0
008 140319s9999 xx 000 0 ara d
040 _aGCL /
_cGCL
082 0 4 _aق
_b953.08
_bم ن
100 1 _aمحمد كمال الدين عزالدين على
245 1 0 _aنزهة الاساطية فيمن ولى مصر من السلاطين /
_cمحمد كمال الدين عزالدين على
300 _a175
490 _a100 قصة
_v0
700 1 _aعبدالباسط الملطى : زين الدين عبدالباسط بن خليل بن شاهين
942 _2ddc
_cBK
999 _c45905
_d45905